Statistics for NBA 75th Anniversary Team

Click here to take the quiz!

General Stats

  • This quiz has been taken 2,058 times
  • The average score is 53 of 76

Answer Stats

RetiredTeamAnswer% Correct
ActiveBucksGiannis Antetokounmpo
98%
ActiveWarriorsStephen Curry
98%
ActiveCavaliersLeBron James
95%
ActiveRocketsJames Harden
93%
1974LakersJerry West
93%
ActiveThunderKevin Durant
93%
2016LakersKobe Bryant
93%
2019MavericksDirk Nowitzki
92%
2003BullsMichael Jordan
92%
ActiveThunderRussell Westbrook
92%
ActiveBlazersDamian Lillard
91%
2019HeatDwyane Wade
91%
2016SpursTim Duncan
91%
2016TimberwolvesKevin Garnett
90%
2004BullsScottie Pippen
90%
2011LakersShaquille O'Neal
90%
ActivePelicansAnthony Davis
89%
1992CelticsLarry Bird
89%
1989LakersKareem Abdul-Jabbar
88%
2004JazzKarl Malone
88%
1996LakersMagic Johnson
88%
1995RocketsMoses Malone
87%
ActiveNuggetsCarmelo Anthony
86%
2002RocketsHakeem Olajuwon
86%
2015SunsSteve Nash
86%
201076ersAllen Iverson
85%
1994PistonsIsiah Thomas
85%
2003JazzJohn Stockton
85%
ActiveSpursKawhi Leonard
85%
2017CelticsPaul Pierce
85%
1973WarriorsWilt Chamberlain
85%
2003SpursDavid Robinson
83%
1969CelticsBill Russell
82%
2002KnicksPatrick Ewing
82%
2005PacersReggie Miller
81%
198776ersJulius Erving
80%
2013NetsJason Kidd
79%
2014BucksRay Allen
79%
2007SonicsGary Payton
78%
ActiveHornetsChris Paul
77%
1998BlazersClyde Drexler
76%
2000PistonsDennis Rodman
74%
200076ersCharles Barkley
73%
1999HawksDominique Wilkins
73%
1974RoyalsOscar Robertson
73%
1975HawksLenny Wilkens
72%
1993CelticsKevin McHale
69%
1970CelticsBob Cousy
67%
1994LakersJames Worthy
67%
1988BlazersBill Walton
65%
1965HawksBob Pettit
61%
1978CelticsJohn Havlicek
61%
1997CelticsRobert Parish
61%
1986SpursGeorge Gervin
60%
1956LakersGeorge Mikan
59%
1971LakersElgin Baylor
58%
1981BulletsWes Unseld
58%
1980WarriorsRick Barry
56%
1986BravesBob McAdoo
52%
1980JazzPete Maravich
51%
1979KnicksWalt Frazier
51%
1974KnicksWillis Reed
49%
1969CelticsSam Jones
47%
1984BulletsElvin Hayes
44%
1983CelticsDave Cowens
40%
1984KingsNate Archibald
36%
1964NationalsDolph Schayes
34%
1962WarriorsPaul Arizin
32%
1977WarriorsNate Thurmond
31%
197376ersHal Greer
30%
1974PistonsDave DeBusschere
28%
1978PistonsDave Bing
27%
1980KnicksEarl Monroe
27%
1974RoyalsJerry Lucas
27%
197676ersBilly Cunningham
26%
1961CelticsBill Sharman
22%

Score Distribution

Percentile by Number Answered

Percent of People with Each Score

Your Score History

You have not taken this quiz